| 000 | 01321nam a2200229 a 4500 | ||
|---|---|---|---|
| 008 | 190711s2015 ||||||||||||||||| || u | ||
| 020 | _a9781292060545 | ||
| 050 | _aTK 454 Nil | ||
| 100 | _aNilsson, James W | ||
| 245 | 1 | 0 |
_aElectric circuits. (10th edition.) _cBy James W. Nilsson, Susan A. Riedel. |
| 250 | _a10th edition | ||
| 260 |
_aBoston _bPearson _c2015 |
||
| 260 |
_aBoston _bPearson Education Limited _c2015 |
||
| 300 | _a814 pages : illustrations | ||
| 350 | _a74.97 | ||
| 700 | _aRiedel, Susan A | ||
| 995 |
_aSHORT LOAN BOOKS _e750090 _FCBU-MAIN LIBRARY (Kitwe) _I74.97 _jTK 454 Nil _M5 _UAVAILABLE _WNov 25, 2019 _y750090 _ZShort Loan Collection |
||
| 995 |
_aMAIN LIBRARY OPEN ACCESS _e749339 _FCBU-MAIN LIBRARY (Kitwe) _I74.97 _jTK 454 Nil _M2 _UAVAILABLE _WJul 11, 2019 _y749339 _ZMain Library Open Access Collection |
||
| 995 |
_aMAIN LIBRARY OPEN ACCESS _e749340 _FCBU-MAIN LIBRARY (Kitwe) _I74.97 _jTK 454 Nil _M3 _UAVAILABLE _WJul 11, 2019 _y749340 _ZMain Library Open Access Collection |
||
| 995 |
_aMAIN LIBRARY OPEN ACCESS _e749338 _FCBU-MAIN LIBRARY (Kitwe) _I74.97 _jTK 454 Nil _M1 _UAVAILABLE _WJul 11, 2019 _y749338 _ZMain Library Open Access Collection |
||
| 995 |
_aMAIN LIBRARY OPEN ACCESS _e749341 _FCBU-MAIN LIBRARY (Kitwe) _I74.97 _jTK 454 Nil _M4 _UAVAILABLE _WJul 11, 2019 _y749341 _ZMain Library Open Access Collection |
||
| 999 |
_c75785 _d75785 |
||